Strategický management
Na minha lista:
| Autor principal: | |
|---|---|
| Formato: | Livro |
| Idioma: | eslovaco |
| Publicado em: |
Bratislava
VÚNH VŠE
1992
|
| Assuntos: | |
| Tags: |
Sem tags, seja o primeiro a adicionar uma tag!
|
MARC
| LEADER | 00000nam a2200000 4500 | ||
|---|---|---|---|
| 001 | c003513 | ||
| 005 | 20260325075324.2 | ||
| 041 | 0 | |a slo | |
| 044 | |a SK | ||
| 245 | 1 | 0 | |a Strategický management |c Daniel Kordík |
| 264 | 1 | |a Bratislava |b VÚNH VŠE |c 1992 | |
| 300 | |a 16 s. | ||
| 610 | 2 | 0 | |a riadenie strategické |
| 610 | 2 | 0 | |a riadenie podnikové |
| 610 | 2 | 0 | |a manažment |
| 610 | 2 | 0 | |a nástroje riadenia |
| 100 | 1 | |a Kordík, Daniel | |